|
|
|
|
| LEADER |
00000nam0a2200000 4500 |
| 001 |
271418 |
| 005 |
20231031225331.0 |
| 020 |
|
|
|a RU
|b 87-52265
|
| 035 |
|
|
|a (RuTPU)RU\TPU\book\294600
|
| 090 |
|
|
|a 271418
|
| 100 |
|
|
|a 20141007d1987 m a0rusy5003 ca
|
| 101 |
0 |
|
|a rus
|
| 102 |
|
|
|a RU
|
| 105 |
|
|
|a a j 001zy
|
| 200 |
1 |
|
|a Черчение для строителей
|e учебник
|f Ю. И. Короев
|
| 205 |
|
|
|a 3-е изд., перераб. и доп.
|
| 210 |
|
|
|a Москва
|c Высшая школа
|d 1987
|
| 215 |
|
|
|a 256 с.
|c ил.
|
| 225 |
1 |
|
|a Профессионально-техническое образование
|
| 333 |
|
|
|a Исключено из фонда НТБ ТПУ
|
| 700 |
|
1 |
|a Короев
|b Ю. И.
|g Юрий Ильич
|
| 801 |
|
0 |
|a RU
|b RuMRKP
|c 19950417
|g psbo
|
| 801 |
|
1 |
|a RU
|b 63413507
|c 20141007
|
| 801 |
|
2 |
|a RU
|b 63413507
|c 20220304
|g RCR
|
| 942 |
|
|
|c BK
|